000 00512nam a2200169Ia 4500
005 20240603234844.0
008 240331s9999 xx 000 0 und d
020 _a0646337297
082 _bSIS
_a362
100 _aSissons, M.E
245 0 _aFrom one day to another :
_bviolations of women's reproductive and sexual rights in East Timor
260 _aVictoria
_bEast Timer Human Rights Centre Incorporated
_c1997
300 _a46 p.,
650 _aSexual Rights
650 _aWomen's Reproductive
942 _cL
999 _c2925
_d2925